Administrative Law / (Record no. 616048)
[ view plain ]
| 000 -LEADER | |
|---|---|
| fixed length control field | 00309nam a22001217a 4500 |
| 082 ## - DEWEY DECIMAL CLASSIFICATION NUMBER | |
| Classification number | 342.06 |
| Author Mark | ZAF |
| 100 ## - MAIN ENTRY--PERSONAL NAME | |
| Personal name | Zafar, Emmanuel |
| 245 ## - TITLE STATEMENT | |
| Title | Administrative Law / |
| Statement of responsibility, etc. | Emmanuel Zafar |
| 260 ## - PUBLICATION, DISTRIBUTION, ETC. | |
| Place of publication, distribution, etc. | Lahore : |
| Name of publisher, distributor, etc. | Khyber Law Publishers, |
| Date of publication, distribution, etc. | N.A. |
| 300 ## - PHYSICAL DESCRIPTION | |
| Extent | 254 p. ; |
| Dimensions | 24 cm. |
| 563 ## - BINDING INFORMATION | |
| Binding note | HB. |
| 942 ## - ADDED ENTRY ELEMENTS (KOHA) | |
| Source of classification or shelving scheme | |
| Koha item type | Book |
| Withdrawn status | Lost status | Source of classification or shelving scheme | Damaged status | Not for loan | Permanent Location | Current Location | Date acquired | Source of acquisition | Total Checkouts | Full call number | Barcode | Date last seen | Price effective from | Koha item type |
|---|---|---|---|---|---|---|---|---|---|---|---|---|---|---|
| NUST Law School (NLS) | NUST Law School (NLS) | 02/03/2026 | Donated by Fahad Hashmi Account Officer S3H & NLS | 342.06 ZAF | NLSD-432 | 02/03/2026 | 02/03/2026 | Book |
